000 00965cam a22003137a 4500
003 CHAP
005 20220329134942.0
008 971013s1972 r 00010 d
010 _a28592
011 _a29564
035 _a33675
040 _cCHAP
082 _a530.12
_bK6Y
100 0 0 _aKompaneyetz, A. S.
_963678
245 0 _aQué es la mecánica cuántica?
260 _aBarcelona :
_bVinces-Vives,
_c1972
300 _a163 p.
_b: ilus. ; gráfs.
490 0 _aLibros U : física
_v; 1
590 _aBATCH-UPD
_b10
_c20130110
_lUCH01
_h0029
590 _aBATCH-UPD
_b10
_c20130110
_lUCH01
_h2043
590 _aBATCH-UPD
_b10
_c20130410
_lUCH01
_h1357
590 _aBATCH-UPD
_b10
_c20130914
_lUCH01
_h1709
590 _aCONVERSION
_b10
_c20130109
_lUCH01
_h1316
650 1 4 _aTeoría cuántica.
_9112307
830 0 _aLibros U : física
_v; 1
_966693
901 _aBK
942 _cLIBRO
949 _a530.12 K6Y
_bBC
_cLIBRO
_d33724000410833
_eLIBRO
_h65493
_i33675
_si
999 _c28592
_d28592